Catalog

Record Details

Catalog Search



Sbornik jumorističeskich rasskazov na anglijskom jazyke  Cover Image Book Book

Sbornik jumorističeskich rasskazov na anglijskom jazyke / G. A. Sudzilovskij

Record details

  • Physical Description: 111 s. ; 20 cm
  • Publisher: MOSKVA : VYSŠAJA ŠKOLA, 1984
Subject: angličtina
čtení

Available copies

  • 1 of 1 copy available at Common Catalog SPOK.

Holds

  • 0 current holds with 1 total copy.
Show Only Available Copies
Location Call Number / Copy Notes Barcode Shelving Location Status Due Date
Jabok Library BC-1/S 424480024790 Beletrie Available -

LDR 00591nam a2200193 a 4500
00111332
003CZ-PrJAB
00520200415084811.0
008020405s1984 ru ||| | eng
035 . ‡a(CZ PrSKC)000037672
040 . ‡aABD026 ‡bcze
1001 . ‡aSudzilovskij, Georgij Aleksandrovič ‡7mzk2010473910
24510. ‡aSbornik jumorističeskich rasskazov na anglijskom jazyke / ‡cG. A. Sudzilovskij
260 . ‡aMOSKVA : ‡bVYSŠAJA ŠKOLA, ‡c1984
300 . ‡a111 s. ; ‡c20 cm
650 7. ‡aangličtina ‡7ph114056 ‡2czenas
650 7. ‡ačtení ‡7ph128190 ‡2czenas
910 . ‡aABG312
901 . ‡a11332 ‡bCZ PrSKC ‡c11332 ‡tbiblio

Additional Resources